| 000 | 00728nam a2200241 a 4500 | ||
|---|---|---|---|
| 005 | 20210219152935.0 | ||
| 008 | 991125n 000 0 u | ||
| 035 | _aUPN01000067919 | ||
| 100 | _aBucci, John A. | ||
| 222 | _aJOURNAL OF TEACHER EDUCATION | ||
| 245 | _aCollaboration with health and social service professionals : preparing teachers for new roles | ||
| 300 | _a290-295 | ||
| 362 | _a43, No. 4, 1992 | ||
| 505 | _aJunio 1993 | ||
| 653 | 0 | _aACTUALIZACION DOCENTE | |
| 653 | 0 | _aEDUCACION DEL MAESTRO EN CONSERVACION | |
| 653 | 0 | _aRELACIONES INTERPROFESIONALES | |
| 653 | 0 | _aROL DE LA ESCUELA | |
| 653 | 0 | _aROL DEL MAESTRO | |
| 700 | _aReitzammer, Ann F. | ||
| 904 |
_aAC _b005730 |
||
| 905 | _aArticulo | ||
| 999 |
_c64252 _d64252 |
||